000 00875 a2200217 4500
010 _aENG-88845
020 _c252.00
035 _aEN-72378
037 _bDBAD / PUB
082 _a541.3
090 _c9515
_d9515
100 _aRastogi, J.N.
245 _aDisha's physical chemistry for competitions :
_cby J.N. Rastogi [and] Ruchi Mittal
_buseful for IIT, AIEEEE, UPSEE & all state level engg. exams & CBSE-PMT, AIIMS, CPMT & all state level medical exams /
260 _aNew Delhi
_bDisha Publications
_c2008
270 _aB-32, Basemant, Shivalik Main Road, Malviya Nagar,
_bNew Delhi
_e110 017
300 _avii, 728p. :
_c26cm (pbk)
500 _aIncludes bibliographical references and index
700 _aMittal, Ruchi
942 _adpl
_cEN
_k541.3 / RAS
999 _c9341
_d9341